[Event "ESP-ch U12 Rapid"]
[Site "Salobrena"]
[Date "2022.07.17"]
[Round "8"]
[White "Gutierrez Toro, Raul"]
[Black "Diaz Reyes, Iker"]
[Result "1-0"]
[WhiteElo "1371"]
[BlackElo "1161"]
[PlyCount "119"]
[EventDate "2022.07.09"]
[EventType "swiss (rapid)"]
[EventRounds "9"]
[EventCountry "ESP"]
[SourceTitle "EXT 2023"]
[Source "ChessBase"]
[SourceDate "2022.10.05"]
[SourceVersion "1"]
[SourceVersionDate "2022.10.05"]
[SourceQuality "1"]

1. e4 e5 2. Nf3 Nc6 3. Bb5 a6 4. Ba4 Nf6 5. 0-0 b5 6. Bb3 Bb7 7. Re1 Bc5 8. a4 d6 9. axb5 axb5 10. Rxa8 Qxa8 11. d3 0-0 12. Bg5 Nd7 13. Nc3 Kh8 14. Nxb5 f6 15. Bh4 Bb6 16. Nc3 Nc5 17. Bd5 Ne7 18. Bxb7 Qxb7 19. Qd2 Ne6 20. Bg3 Nd4 21. Nxd4 Bxd4 22. Rb1 Rb8 23. Nd1 Qa7 24. c3 Bb6 25. Ne3 Qa2 26. Qc2 Ba5 27. b4 Qxc2 28. Nxc2 d5 29. f3 dxe4 30. fxe4 Bb6+ 31. Bf2 Bxf2+ 32. Kxf2 h6 33. Ra1 Rd8 34. Ke2 Nc6 35. Ra6 Ne7 36. Ra7 Rc8 37. Ne3 Nc6 38. Ra6 Ne7 39. b5 Kg8 40. c4 Kf7 41. Kd2 Ke8 42. Kc3 Kd7 43. c5 Rb8 44. Kc4 Kc8 45. Ra7 Kd8 46. g4 Nc8 47. Ra6 Ne7 48. Nf5 Nxf5 49. gxf5 Kd7 50. h4 h5 51. Ra7 Kd8 52. c6 Kc8 53. Kc5 Kd8 54. Ra4 Ke7 55. d4 Rd8 56. d5 Rg8 57. Ra7 Kd8 58. d6 cxd6+ 59. Kxd6 Ke8 60. c7 1-0

[Event "ESP-ch U12 Rapid"]
[Site "Salobrena"]
[Date "2022.07.16"]
[Round "4"]
[White "Gutierrez Toro, Raul"]
[Black "Odriozola Coscolin, Dani"]
[Result "1-0"]
[WhiteElo "1371"]
[BlackElo "1246"]
[PlyCount "59"]
[EventDate "2022.07.09"]
[EventType "swiss (rapid)"]
[EventRounds "9"]
[EventCountry "ESP"]
[SourceTitle "EXT 2023"]
[Source "ChessBase"]
[SourceDate "2022.10.05"]
[SourceVersion "1"]
[SourceVersionDate "2022.10.05"]
[SourceQuality "1"]

1. e4 c5 2. Nc3 Nc6 3. g3 g6 4. Bg2 Bg7 5. d3 e6 6. f4 Nge7 7. Nf3 0-0 8. 0-0 d6 9. Be3 Nd4 10. Qd2 f5 11. Rab1 Nec6 12. Ne2 Rb8 13. c3 Nxf3+ 14. Bxf3 b5 15. d4 cxd4 16. cxd4 Bd7 17. d5 exd5 18. Qxd5+ Kh8 19. Qxd6 Qe7 20. Qxe7 Nxe7 21. e5 Bc6 22. Bxa7 Ra8 23. Bc5 Bxf3 24. Rxf3 Rfe8 25. a3 Nc6 26. Rd3 Nxe5 27. fxe5 Rxe5 28. Be3 Rae8 29. Kf2 Rxe3 30. Rxe3 1-0

[Event "ESP-ch U12"]
[Site "Salobrena"]
[Date "2022.07.16"]
[Round "9"]
[White "Torosyan Saghatelyan, Arturo"]
[Black "Gutierrez Toro, Raul"]
[Result "0-1"]
[WhiteElo "1390"]
[BlackElo "1600"]
[PlyCount "56"]
[EventDate "2022.07.04"]
[EventType "swiss"]
[EventRounds "9"]
[EventCountry "ESP"]
[SourceTitle "EXT 2023"]
[Source "ChessBase"]
[SourceDate "2022.10.05"]
[SourceVersion "1"]
[SourceVersionDate "2022.10.05"]
[SourceQuality "1"]

1. c4 Nf6 2. Nc3 g6 3. Nf3 Bg7 4. g3 0-0 5. Bg2 d6 6. 0-0 Nc6 7. d4 Bf5 8. Re1 Ne4 9. Qb3 Nxc3 10. Qxc3 Be4 11. e3 e5 12. d5 Bxf3 13. dxc6 Bxg2 14. Kxg2 bxc6 15. e4 f5 16. b3 fxe4 17. Rxe4 d5 18. cxd5 cxd5 19. Ra4 e4 20. Rd4 c5 21. Qxc5 Bxd4 22. Qxd4 Qf6 23. Qxd5+ Kh8 24. Rb1 Qxf2+ 25. Kh3 Qf5+ 26. Qxf5 Rxf5 27. Bb2+ Kg8 28. Rc1 e3 0-1

[Event "ESP-ch U12"]
[Site "Salobrena"]
[Date "2022.07.15"]
[Round "7"]
[White "Ibanez Koblash, Daniel"]
[Black "Gutierrez Toro, Raul"]
[Result "1-0"]
[WhiteElo "1666"]
[BlackElo "1600"]
[PlyCount "98"]
[EventDate "2022.07.04"]
[EventType "swiss"]
[EventRounds "9"]
[EventCountry "ESP"]
[SourceTitle "EXT 2023"]
[Source "ChessBase"]
[SourceDate "2022.10.05"]
[SourceVersion "1"]
[SourceVersionDate "2022.10.05"]
[SourceQuality "1"]

1. d4 Nf6 2. Nf3 g6 3. c4 Bg7 4. g3 0-0 5. Bg2 d6 6. Nc3 Nc6 7. 0-0 Bf5 8. d5 Na5 9. Nd4 Bd7 10. b3 c5 11. dxc6 bxc6 12. Bb2 Qc7 13. e4 Rab8 14. Qd3 a6 15. Rad1 Nb7 16. Rfe1 Nc5 17. Qd2 Ne6 18. Nc2 Rfd8 19. Ba3 Be8 20. Qe2 Nd7 21. Nb1 Qb6 22. Kh1 Nd4 23. Nxd4 Bxd4 24. f4 Bg7 25. e5 Nc5 26. exd6 exd6 27. Qe3 a5 28. Nc3 Ne6 29. Qxb6 Rxb6 30. Na4 Rb7 31. Rxd6 Rbd7 32. Rxd7 Bxd7 33. Rd1 Nd4 34. Bc5 Bg4 35. Rd2 Re8 36. Bxd4 Bxd4 37. Rxd4 Re1+ 38. Bf1 Rxf1+ 39. Kg2 Re1 40. Rd2 Kf8 41. Kf2 Ra1 42. Ke3 Ke7 43. Nc5 Rc1 44. Kd4 h5 45. Nb7 h4 46. gxh4 Rf1 47. Nxa5 Rxf4+ 48. Kc5 Rf5+ 49. Kb6 Rf1 1-0